Τουρκία, Ευρώπη, Μεσόγειος : η Τουρκία ανάμεσα στην Ευρωπαϊκή προοπτική και την εσωτερική αποσταθεροποίηση
Αποθηκεύτηκε σε:
| Συγγραφή απο Οργανισμό/Αρχή: | |
|---|---|
| Άλλοι συγγραφείς: | |
| Μορφή: | Βιβλίο |
| Γλώσσα: | Greek |
| Δημοσίευση: |
[Αθήνα] :
[Σάκκουλας, Αντ. Ν.],
[2009]
|
| Θέματα: | |
| Ετικέτες: |
Προσθήκη ετικέτας
Δεν υπάρχουν, Καταχωρήστε ετικέτα πρώτοι!
|
MARC
| LEADER | 00000cam a2200000 i 4500 | ||
|---|---|---|---|
| 001 | 1/2650 | ||
| 008 | 091221s2009 gre d | ||
| 020 | |a 978-960-15-2242-5 | ||
| 035 | |l 10106094 | ||
| 040 | |a GR-MY-UA |b gre |e aacr | ||
| 041 | 0 | |a gre | |
| 082 | 0 | |a 327.560495 |2 (22) | |
| 110 | 2 | |a Ελληνικό Κέντρο Ευρωπαϊκών Μελετών και Ερευνών. | |
| 245 | 1 | 0 | |a Τουρκία, Ευρώπη, Μεσόγειος : |b η Τουρκία ανάμεσα στην Ευρωπαϊκή προοπτική και την εσωτερική αποσταθεροποίηση / |c [Ελληνικό Κέντρο Ευρωπαϊκών Ερευνών και Μελετών] ; επιμέλεια Νίκος Φραγκάκης |
| 260 | |a [Αθήνα] : |b [Σάκκουλας, Αντ. Ν.], |c [2009] | ||
| 300 | |a 115 σ.; |c 24 εκ. | ||
| 651 | 0 | |a Turkey |x Foreign relations |z Greece. | |
| 651 | 0 | |a Greece |x Foreign relations |z Turkey. | |
| 651 | 0 | |a Turkey |x Politics and government. | |
| 700 | 1 | |a Φραγκάκης, Νίκος. |4 edt | |
| 852 | |a INST |b RHODES |e 20091221 |h 327.560495 ΕΛΛ |p 005400032239 |q 005400032239 |t BK |y 0 | ||
| 901 | |a BIBL4-2009-3 | ||
| 909 | |a Ρ |b 157263 | ||
| 970 | |a ΚΟΖΑ |b ΜΑΡΙΑ |z 2009/12/21 | ||